000 00422nam a22001217a 4500
008 230605b xxu||||| |||| 00| 0 eng d
020 _a9966767096
082 _a330.6762
_bGOK
245 _aEconomic Survey 2007
_cKenya Bureau Of Statistics Ministry of Planning And National Development
260 _aNairobi
_bKenya Bureau Of Statistics Ministry of Planning And National Development
_c2007
300 _a284 p
942 _2ddc
_cBK
999 _c332
_d332